[Event "RUS-ch (Women) 60th"]
[Site "Moscow"]
[Date "2010.11.19"]
[Round "4"]
[White "Bodnaruk, Anastasia"]
[Black "Kosteniuk, Alexandra"]
[Result "1/2-1/2"]
[WhiteElo "2407"]
[BlackElo "2507"]
[PlyCount "126"]
[EventDate "2010.11.16"]
[EventType "tourn"]
[EventRounds "11"]
[EventCountry "RUS"]
[EventCategory "9"]
[SourceTitle "CBM 139 Extra"]
[Source "ChessBase"]
[SourceDate "2011.01.05"]
[SourceVersion "1"]
[SourceVersionDate "2011.01.05"]
[SourceQuality "1"]

1. e4 e5 2. Nf3 Nc6 3. Bc4 Bc5 4. O-O Nf6 5. d4 Bxd4 6. Nxd4 Nxd4 7. f4 d6 8.
fxe5 dxe5 9. Bg5 Qe7 10. Na3 Rg8 11. Kh1 a6 12. c3 Ne6 13. Bxf6 gxf6 14. Qe1
Bd7 15. Rd1 O-O-O 16. Qf2 Kb8 17. Qxf6 Qxf6 18. Rxf6 Ng5 19. h4 Nxe4 20. Rxf7
Bc6 21. Rxd8+ Rxd8 22. Rxh7 Nf6 23. Rg7 Rd2 24. Kg1 Rxb2 25. Bf1 Rxa2 26. Nc4
a5 27. Rg6 Nd7 28. Rg5 a4 29. h5 Be4 30. Nxe5 Nf6 31. Bd3 a3 32. Nd7+ Nxd7 33.
Bxe4 Nf6 34. Bg6 b6 35. Bf7 Ra1+ 36. Kh2 a2 37. Bxa2 Rxa2 38. Rf5 Ng4+ 39. Kh3
Ne3 40. Rf3 Nxg2 41. h6 Kb7 42. h7 Ra8 43. Kxg2 Rh8 44. Rf7 b5 45. Kf3 Kb6 46.
Ke3 c6 47. Rg7 Kc5 48. Kd3 b4 49. cxb4+ Kxb4 50. Rb7+ Kc5 51. Ke4 Kd6 52. Kf5
c5 53. Kg6 Kd5 54. Kg7 Rc8 55. h8=Q Rxh8 56. Kxh8 c4 57. Kg7 c3 58. Kf6 Kd4 59.
Rc7 Kd3 60. Ke5 c2 61. Kf4 Kd2 62. Kf3 c1=B 63. Rxc1 Kxc1 1/2-1/2

[Event "RUS-ch (Women) 60th"]
[Site "Moscow"]
[Date "2010.11.20"]
[Round "5"]
[White "Kosteniuk, Alexandra"]
[Black "Paikidze, Nazi"]
[Result "0-1"]
[WhiteElo "2507"]
[BlackElo "2401"]
[PlyCount "108"]
[EventDate "2010.11.16"]
[EventType "tourn"]
[EventRounds "11"]
[EventCountry "RUS"]
[EventCategory "9"]
[SourceTitle "CBM 139 Extra"]
[Source "ChessBase"]
[SourceDate "2011.01.05"]
[SourceVersion "1"]
[SourceVersionDate "2011.01.05"]
[SourceQuality "1"]

1. e4 c6 2. d4 d5 3. e5 Bf5 4. Nf3 e6 5. Be2 c5 6. Be3 cxd4 7. Nxd4 Ne7 8. c4
Nbc6 9. Qa4 a6 10. Nd2 Qd7 11. cxd5 Nxd5 12. Nxc6 bxc6 13. Rc1 Bb4 14. O-O Nxe3
15. Qxb4 Nxf1 16. Nc4 Qe7 17. Nd6+ Kf8 18. Rxc6 Kg8 19. Bxf1 a5 20. Qc5 h5 21.
Rc7 Qf8 22. Ba6 Bg6 23. Bc8 Kh7 24. f4 Qd8 25. g3 Rb8 26. Bb7 f6 27. Be4 f5 28.
Bb7 Rf8 29. b3 h4 30. Kg2 Bh5 31. Qc6 Be8 32. Qc3 Bd7 33. Kf2 Kh8 34. Qxa5 g5
35. Qc3 h3 36. a4 gxf4 37. gxf4 Qh4+ 38. Ke3 Be8 39. a5 Rg8 40. Nxf5 Qg4 41.
Qe1 exf5 42. a6 Bh5 43. e6 Rge8 44. Kd3 Rbd8+ 45. Kc2 Kg8 46. a7 Qxf4 47. Rd7
Qxh2+ 48. Kc3 Rxd7 49. exd7 Qc7+ 50. Kd4 Qxd7+ 51. Kc3 Rxe1 52. a8=Q+ Kg7 53.
Bd5 Re8 54. Qa5 Re5 0-1

[Event "RUS-ch (Women) 60th"]
[Site "Moscow"]
[Date "2010.11.23"]
[Round "7"]
[White "Kosteniuk, Alexandra"]
[Black "Gunina, Valentina"]
[Result "1-0"]
[WhiteElo "2507"]
[BlackElo "2479"]
[PlyCount "169"]
[EventDate "2010.11.16"]
[EventType "tourn"]
[EventRounds "11"]
[EventCountry "RUS"]
[EventCategory "9"]
[SourceTitle "CBM 139 Extra"]
[Source "ChessBase"]
[SourceDate "2011.01.05"]
[SourceVersion "1"]
[SourceVersionDate "2011.01.05"]
[SourceQuality "1"]

1. e4 c6 2. d4 d5 3. e5 Bf5 4. Nf3 e6 5. Be2 Nd7 6. O-O Bg6 7. Nbd2 Nh6 8. Nb3
Rc8 9. Bd2 Be7 10. a4 O-O 11. a5 Nf5 12. g4 Nh6 13. h3 Kh8 14. Re1 Ng8 15. Bd3
Bxd3 16. cxd3 f6 17. Kg2 f5 18. g5 f4 19. h4 Qe8 20. Rh1 Qh5 21. Rh3 Bd8 22.
Nh2 Qg6 23. Nc1 c5 24. Ne2 cxd4 25. Nxf4 Qf5 26. Nf3 Nc5 27. Nxd4 Qxe5 28. Qg4
Ne7 29. h5 Kg8 30. Nfxe6 Nxe6 31. Nxe6 Qf5 32. Qe2 Re8 33. Nd4 Qd7 34. Re1 Bxa5
35. Bxa5 Nc6 36. Ne6 Nd4 37. Qg4 Nxe6 38. Rhe3 Rc6 39. f4 d4 40. Re5 g6 41.
hxg6 hxg6 42. Kg3 Qf7 43. Bb4 b6 44. R1e4 a5 45. Be1 Ng7 46. Rxe8+ Nxe8 47.
Rxd4 Nd6 48. Kf3 Qb3 49. Kg2 Rc2+ 50. Kh3 Nf5 51. Rd8+ Kf7 52. Qf3 Qe6 53. Qe4
Ng7+ 54. Qxe6+ Nxe6 55. Rd7+ Ke8 56. Rd6 Re2 57. Bg3 b5 58. Rb6 b4 59. Kg4 Kf7
60. Rb7+ Kg8 61. f5 gxf5+ 62. Kxf5 Ng7+ 63. Kg4 Re3 64. g6 Ne8 65. Bf4 Re2 66.
b3 Rg2+ 67. Bg3 Nf6+ 68. Kf3 Rd2 69. Ke3 Rg2 70. Rb8+ Kg7 71. Be5 Rg5 72. Kd4
Rg4+ 73. Ke3 Rg5 74. d4 Rxg6 75. Rb6 Rg3+ 76. Kf4 Rxb3 77. Rxf6 Kg8 78. d5 Rb1
79. d6 Rd1 80. Kf5 a4 81. Ke6 a3 82. Rf3 a2 83. d7 Kh7 84. Ke7 b3 85. d8=Q 1-0

[Event "RUS-ch (Women) 60th"]
[Site "Moscow"]
[Date "2010.11.24"]
[Round "8"]
[White "Kosintseva, Tatiana"]
[Black "Kosteniuk, Alexandra"]
[Result "1-0"]
[WhiteElo "2581"]
[BlackElo "2507"]
[PlyCount "105"]
[EventDate "2010.11.16"]
[EventType "tourn"]
[EventRounds "11"]
[EventCountry "RUS"]
[EventCategory "9"]
[SourceTitle "CBM 139 Extra"]
[Source "ChessBase"]
[SourceDate "2011.01.05"]
[SourceVersion "1"]
[SourceVersionDate "2011.01.05"]
[SourceQuality "1"]

1. e4 e5 2. Nf3 Nc6 3. Bb5 a6 4. Ba4 Nf6 5. O-O b5 6. Bb3 Bb7 7. d3 Be7 8. Re1
O-O 9. h3 Re8 10. Nc3 h6 11. Nd5 Na5 12. Nxe7+ Qxe7 13. Nh4 Nxb3 14. Nf5 Qf8
15. axb3 Re6 16. f4 exf4 17. Bxf4 Rd8 18. Re3 Ne8 19. Qg4 Kh7 20. Qh4 Ra8 21.
Rf1 c5 22. Rg3 c4 23. bxc4 bxc4 24. Bg5 cxd3 25. cxd3 Nd6 26. Nxg7 Qxg7 27. Bf6
Qf8 28. Qh5 Rc8 29. e5 Rc5 30. d4 Rb5 31. Qg4 Be4 32. Qg7+ Qxg7 33. Rxg7+ Kh8
34. Rg4+ Kh7 35. Rg7+ Kh8 36. Rxf7+ Kg8 37. Rg7+ Kf8 38. Rxd7 Rxb2 39. Rf4 Bxg2
40. Bh4+ Nf5 41. Rxf5+ Kg8 42. d5 Re8 43. Bf6 Be4 44. Rf2 Rb1+ 45. Kh2 Rh1+ 46.
Kg3 a5 47. Rg7+ Kf8 48. e6 Rg1+ 49. Kf4 Rxg7 50. Bxg7+ Kxg7 51. Kxe4 Ra8 52. d6
a4 53. d7 1-0

[Event "RUS-ch (Women) 60th"]
[Site "Moscow"]
[Date "2010.11.25"]
[Round "9"]
[White "Kosteniuk, Alexandra"]
[Black "Matveeva, Svetlana"]
[Result "0-1"]
[WhiteElo "2507"]
[BlackElo "2389"]
[PlyCount "102"]
[EventDate "2010.11.16"]
[EventType "tourn"]
[EventRounds "11"]
[EventCountry "RUS"]
[EventCategory "9"]
[SourceTitle "CBM 139 Extra"]
[Source "ChessBase"]
[SourceDate "2011.01.05"]
[SourceVersion "1"]
[SourceVersionDate "2011.01.05"]
[SourceQuality "1"]

1. e4 e6 2. d4 d5 3. Nc3 Nf6 4. Bg5 Be7 5. e5 Nfd7 6. h4 Nc6 7. Nh3 f6 8. exf6
Nxf6 9. Qd2 a6 10. O-O-O O-O 11. Be2 b5 12. Qe3 Na5 13. Qg3 Bd6 14. f4 Nc4 15.
Nf2 Qe8 16. h5 Ra7 17. Rde1 c6 18. Bd3 Qf7 19. Ref1 c5 20. Ne2 Rc7 21. Bxf6
Qxf6 22. Ng4 Qe7 23. Ne5 Rf6 24. h6 g6 25. b3 Nb6 26. dxc5 Bxc5 27. Rf3 Nd7 28.
Kb1 Bb7 29. f5 Nxe5 30. fxg6 Rxg6 31. Qxe5 Bd6 32. Qh5 Rg5 33. Qh3 e5 34. Bf5
Kh8 35. Rhf1 e4 36. Rc3 Rxc3 37. Qxc3+ Be5 38. Qh3 Rg8 39. Be6 Rf8 40. Rf5 Bf6
41. Nf4 d4 42. Qg3 d3 43. cxd3 exd3 44. Qxd3 Rd8 45. Qe2 Rd4 46. Bd5 Re4 47.
Qd2 Re1+ 48. Kc2 Qc5+ 49. Kd3 Qd4+ 50. Kc2 Qb2+ 51. Kd3 Qb1+ 0-1

[Event "RUS-ch (Women) 60th"]
[Site "Moscow"]
[Date "2010.11.26"]
[Round "10"]
[White "Pogonina, Natalija"]
[Black "Kosteniuk, Alexandra"]
[Result "1/2-1/2"]
[WhiteElo "2472"]
[BlackElo "2507"]
[PlyCount "91"]
[EventDate "2010.11.16"]
[EventType "tourn"]
[EventRounds "11"]
[EventCountry "RUS"]
[EventCategory "9"]
[SourceTitle "CBM 139 Extra"]
[Source "ChessBase"]
[SourceDate "2011.01.05"]
[SourceVersion "1"]
[SourceVersionDate "2011.01.05"]
[SourceQuality "1"]

1. e4 c5 2. Nf3 Nc6 3. d4 cxd4 4. Nxd4 Nf6 5. Nc3 d6 6. Be2 e5 7. Nf3 h6 8. O-O
Be7 9. h3 O-O 10. Nh2 Nd4 11. Ng4 Be6 12. Nxf6+ Bxf6 13. Be3 Rc8 14. Bg4 Rc4
15. a3 a6 16. Rc1 Qc7 17. Qd2 b5 18. Rfd1 Rd8 19. Qe1 Qb7 20. Be2 Rxc3 21. bxc3
Nxe2+ 22. Qxe2 Qxe4 23. Qd2 Qg6 24. Kh1 d5 25. f3 Rc8 26. Rf1 Rc4 27. f4 d4 28.
cxd4 exd4 29. Bf2 Bd5 30. Rg1 Rc3 31. Kh2 Rxa3 32. Qb4 Rc3 33. Qd6 Bxg2 34.
Rxg2 Rxh3+ 35. Kg1 Qh5 36. Kf1 Qf3 37. Re1 Rh1+ 38. Rg1 Rh2 39. Re2 Kh7 40. Qd7
Qxf4 41. Qxf7 Rxf2+ 42. Rxf2 Qc1+ 43. Kg2 Qg5+ 44. Kf1 Qc1+ 45. Kg2 Qg5+ 46.
Kf1 1/2-1/2

[Event "World Women-ch k.o."]
[Site "Antakya"]
[Date "2010.12.04"]
[Round "1.1"]
[White "Kosteniuk, Alexandra"]
[Black "Mezioud, Amina"]
[Result "1-0"]
[WhiteElo "2507"]
[BlackElo "2029"]
[PlyCount "99"]
[EventDate "2010.12.04"]
[EventType "k.o."]
[EventRounds "6"]
[EventCountry "TUR"]
[SourceTitle "CBM 139 Extra"]
[Source "ChessBase"]
[SourceDate "2011.01.05"]
[SourceVersion "1"]
[SourceVersionDate "2011.01.05"]
[SourceQuality "1"]

1. e4 e5 2. Nf3 Nc6 3. Bb5 a6 4. Ba4 Nf6 5. O-O b5 6. Bb3 Be7 7. Re1 O-O 8. a4
Bb7 9. d3 d6 10. Nbd2 Na5 11. Ba2 c5 12. Nf1 Qc7 13. Ng3 Rfe8 14. c3 c4 15. h3
Rac8 16. d4 Bc6 17. d5 Bd7 18. axb5 axb5 19. Be3 Nb7 20. Bb1 Ra8 21. Rxa8 Rxa8
22. Nd2 Nc5 23. f4 exf4 24. Bxf4 Ne8 25. Nf3 g6 26. Nd4 Bf6 27. Qf3 Na4 28. Qf2
Be5 29. Rf1 f6 30. Bc1 Qd8 31. Nge2 Qe7 32. Nc2 Nc5 33. Nb4 Ng7 34. Bh6 Re8 35.
Nd4 Nh5 36. Nbc6 Qf7 37. Nxe5 dxe5 38. Nxb5 Nxe4 39. Bxe4 Bxb5 40. g4 Nf4 41.
Bxf4 exf4 42. Qxf4 Kg7 43. Bg2 Qe7 44. Ra1 Qd7 45. Qd4 Qd6 46. g5 Re7 47. Rf1
Rf7 48. h4 Ba6 49. Rf4 Bb5 50. Bh3 1-0

[Event "World Women-ch k.o."]
[Site "Antakya"]
[Date "2010.12.05"]
[Round "1.2"]
[White "Mezioud, Amina"]
[Black "Kosteniuk, Alexandra"]
[Result "0-1"]
[WhiteElo "2029"]
[BlackElo "2507"]
[PlyCount "60"]
[EventDate "2010.12.04"]
[EventType "k.o."]
[EventRounds "6"]
[EventCountry "TUR"]
[SourceTitle "CBM 139 Extra"]
[Source "ChessBase"]
[SourceDate "2011.01.05"]
[SourceVersion "1"]
[SourceVersionDate "2011.01.05"]
[SourceQuality "1"]

1. e4 c5 2. Nf3 Nc6 3. d4 cxd4 4. Nxd4 Nf6 5. Nc3 d6 6. Be3 e5 7. Nb3 Be7 8. f3
O-O 9. Qd2 a5 10. a4 Nb4 11. g4 Be6 12. g5 Nh5 13. O-O-O Rc8 14. Kb1 Qd7 15.
Bb5 Qc7 16. Qf2 Bd8 17. Qd2 Be7 18. Qf2 Nf4 19. h4 f5 20. gxf6 Bxf6 21. Bb6 Qf7
22. Nxa5 d5 23. Bc5 Be7 24. Bxe7 Qxe7 25. exd5 Nfxd5 26. Nxd5 Bxd5 27. Rhe1
Rxf3 28. Qe2 Ba2+ 29. Ka1 Nxc2+ 30. Kxa2 Ra3+ 0-1

[Event "World Women-ch k.o."]
[Site "Antakya"]
[Date "2010.12.07"]
[Round "2.1"]
[White "Khukhashvili, Sopiko"]
[Black "Kosteniuk, Alexandra"]
[Result "1/2-1/2"]
[WhiteElo "2430"]
[BlackElo "2507"]
[PlyCount "48"]
[EventDate "2010.12.04"]
[EventType "k.o."]
[EventRounds "6"]
[EventCountry "TUR"]
[SourceTitle "CBM 139 Extra"]
[Source "ChessBase"]
[SourceDate "2011.01.05"]
[SourceVersion "1"]
[SourceVersionDate "2011.01.05"]
[SourceQuality "1"]

1. e4 e5 2. Nf3 Nc6 3. d4 exd4 4. Nxd4 Nf6 5. Nxc6 bxc6 6. e5 Qe7 7. Qe2 Nd5 8.
c4 Nb6 9. Nc3 Qe6 10. Qe4 Ba6 11. b3 Bb4 12. Bd2 Bxc3 13. Bxc3 d5 14. Qh4 dxc4
15. Be2 Nd5 16. Rc1 Nxc3 17. Rxc3 O-O 18. O-O Qxe5 19. Rh3 h6 20. Bxc4 Bxc4 21.
Qxc4 Rad8 22. Qxc6 Rd2 23. Qa4 Rfd8 24. Re3 Qc5 1/2-1/2

[Event "World Women-ch k.o."]
[Site "Antakya"]
[Date "2010.12.08"]
[Round "2.2"]
[White "Kosteniuk, Alexandra"]
[Black "Khukhashvili, Sopiko"]
[Result "1/2-1/2"]
[WhiteElo "2507"]
[BlackElo "2430"]
[Annotator "Marin,M"]
[PlyCount "174"]
[EventDate "2010.12.04"]
[EventType "k.o."]
[EventRounds "6"]
[EventCountry "TUR"]
[SourceTitle "CBM 140"]
[Source "ChessBase"]
[SourceDate "2011.01.18"]
[SourceVersion "1"]
[SourceVersionDate "2011.01.18"]
[SourceQuality "1"]

1. e4 c5 2. Nf3 e6 ({It is useful to compare the game position after 11 moves
with that arising after} 2... d6 3. d4 cxd4 4. Nxd4 Nf6 5. Nc3 e6 6. Be2 a6 7.
O-O Be7 8. f4 Qc7 9. Be3 O-O 10. Qe1 {, when Black can play} b5 {White can
stir up complications, but Black is supposed to be doing well. Therefore, in
this variation 10.a4 is considered to be the main line.}) 3. d4 cxd4 4. Nxd4
Nc6 5. Nc3 Qc7 {From the point of view of the Scheveningen variation, this is
a slightly premature commitment of the queen.} ({To understand the difference,
let us follow a similar line omitting ...Qc7:} 5... a6 6. Be2 (6. Nxc6 bxc6 {
is the critical line with this move order.}) 6... Nf6 7. O-O d6 8. Be3 Be7 9.
f4 O-O 10. Qe1 Nxd4 11. Bxd4 b5 12. a3 Bb7 13. Qg3 g6 {Kamsky,G (2723)
-Mamedyarov,S (2742)/Moscow 2008/CBM 126/[Kritz] (0-1, 40). The last move is
more useful for defensive purposes, while the queen on d8 discourages e4-e5,
because ...dxe5 could not be answered with the desirable fxe5. Also, the queen
could go to d7 later, to prepare ...a5 by means of ...Bc6.}) 6. Be2 a6 7. O-O
Nf6 8. Be3 Be7 9. f4 d6 10. Kh1 O-O 11. Qe1 (11. a4 {would transpose to
relatively safe line of the genuine Scheveningen.}) 11... Nxd4 12. Bxd4 b5 13.
a3 Bb7 14. Qg3 Rad8 15. Bd3 Rfe8 16. Rae1 {Both sides have developed
consequently so far, but it may seem that Black has run short of useful moves
already.} Rd7 $5 {A flexible move, which made its way in tournament practice
thanks to the efforts of the Hungarian grandmasters in the second part of the
'90s. Its idea is the clearing of the d8-square for the queen, in order to
overprotect the f6-square and set up pressure along the d-file for the case of
e4-e5. My feeling is that precisely this last move gives abstract meaning to
the early ...Qc7, but things have to be checked practically, of course.} 17.
Re2 $5 ({Black should be able to hold his own after} 17. e5 dxe5 18. Bxe5 Qd8 {
Ni Hua (2681)-Jakovenko,D (2735)/Nizhniy Novgorod 2007/CBM 120/[Ftacnik] (0-1,
41)}) 17... Bc6 $6 ({At a later stage of the match, in a rapid game already,
Black switched to the main continuation:} 17... Qd8 18. Qh3 (18. Nd1 {
prematurely retreats the knight far from the centre, allowing Black good
counterplay after} Bf8 19. Qh3 e5 $132 {Pavlovic,D (2413)-Djukic,N (2503)/
Cetinje 2010/CBM 137 Extra (1/2, 33)}) 18... g6 $6 {This move, which has been
played more than once, seems to lead to an unnecessary weakening of the
f6-square.} (18... h6 {looks more solid, but requires further practical
testing.} 19. Nd1 $6 Bf8 20. Qg3 $2 e5 $1 $17 {[%csl Ge4] Sukandar,I (2303)
-Hou,Y (2578)/Beijing 2008/CBM 126 Extra (0-1, 42)} 21. fxe5 dxe5 22. Bxe5 $2
Nh5 $19) 19. f5 $1 {White's pressure becomes annoying.} e5 20. Be3 Bc6 {
It is far from easy to get counterplay with Black.} ({He is not prepared for} 
20... d5 $6 21. exd5 {, which just opens the path for the d3-bishop towards
the enemy king.} e4 $2 {only makes things worse.} 22. fxg6 hxg6 23. Nxe4 $18 {
Krivokapic,M (2421)-Ivanovic,B (2436)/Cetinje 2008/CBM 125 Extra (1-0, 33)})
21. Ref2 h5 $2 $18 {A decisive weakening, typical of rapid games.} (21... Rb7
22. Rf3 $16 {1/2 Ponomariov,T (2297)-Zubarev,A (2510)/Voronezh 2008/CBM 125
Extra. Black cannot free himself in any way.}) 22. fxg6 fxg6 23. Qe6+ Kg7 24.
Nd5 Bxd5 25. exd5 Rf8 26. Rf3 h4 27. Bg5 e4 28. Bxe4 {1-0 Kosteniuk,A (2507)
-Khukhashvili,S (2430)/Antakya TUR 2010}) 18. Ref2 $146 ({I wonder whether
Kosteniuk, who generally has the reputation of being very well prepared, had
not seen the strong move} 18. Nd5 $1 {, after which Black is in some trouble.}
Qd8 (18... exd5 19. exd5 Bxd5 {loses to} 20. Bxf6 $18 {, taking advantage of a
double pin.}) 19. Bb6 Qc8 20. Nxe7+ Rdxe7 21. e5 $36 {Fedorchuk,S (2633)
-Bocharov,D (2647)/Budva 2009/CBM 130 (1-0, 41)}) 18... Qb8 {We can see that,
apart from ...Qd8 followed by ...Bf8, Black can also play ...Qb8 with the idea
of ...Bd8. The final aim of both plans is to prepare ...e5, while keeping the
f6-knight defended by one of the manoeuvring pieces.} (18... Qd8 {is entirely
playable.} 19. Qh3 h6 20. Rf3 Bf8 21. Rg3 Kh8 22. Rg5 {White's pressure looks
nasty, but is there anything concrete? Black should adopt a neutral policy 
(although it is not clear which concrete strengthening move he should make),
instead of setting his own house on fire with} Nh7 $6 23. Qxh6 e5 24. Qh3 f6
25. Rg3 exd4 26. Nd5 $40 {[%cal Ge4e5]}) 19. b4 {Stopping ...b4.} Bd8 {[%cal
Ge6e5]} 20. e5 dxe5 21. Bxe5 Qb7 {The position has more or less been
stabilised and Black can be satisfied with the outcome of the opening.} 22. Qh3
g6 23. Re2 Nh5 24. Ne4 Bxe4 $2 {A serious strategic concession.} (24... Be7 {
would have led to an entirely viable position.}) 25. Bxe4 $16 {White's bishops
dominate the board now.} Qc8 26. Qf3 Rf8 27. f5 $6 {This thematic move offers
Black chances to provoke favourable simplifications.} ({With the knight on the
edge of the board, White should have started active operations on the opposite
wing:} 27. Bc6 Ra7 28. c4 bxc4 29. Rc2 $16) 27... Bf6 28. Bc6 exf5 {Not really
necessary.} (28... Rdd8 29. Bxf6 Nxf6 30. fxe6 fxe6 $132) 29. Bxd7 Qxd7 30. Qc3
Rc8 31. Qa1 Qc6 $44 {Black certainly has compenstion for the exchange, in view
of White's queenside weaknesses and the possibility of installing the knight
on e4. However, the general feeling is that only White can play for a win. It
all ended in a draw, although the evaluation oscillated throughout the final
phase of the game.} 32. Qd4 Rd8 33. Qc5 Qd7 34. Rfe1 Kg7 35. Kg1 Rc8 36. Bxf6+
Nxf6 37. Qe5 Rc6 38. h3 Qc8 39. Qd4 Rc4 40. Qb2 Rc3 41. Rd1 Rc6 42. Rdd2 Qc7
43. Qd4 Rc4 44. Qb2 Rc6 45. Qd4 Rc4 46. Qa1 Qg3 47. Rd3 Qc7 48. Red2 Rc6 49. a4
bxa4 50. Qxa4 g5 51. Qa1 Kg6 52. Rd8 Re6 53. R8d3 Qe7 54. Rd1 Qxb4 55. Qd4 Qb7
56. Rb3 Qe7 57. Rb6 Re2 58. c4 h5 59. c5 h4 60. Rf1 Rc2 61. Rd6 Re2 62. Kh1 Re4
63. Qd3 Qe5 64. Rxa6 Kg7 65. Qd6 Qxd6 66. Rxd6 Nh5 67. Rc1 g4 68. c6 Ng3+ 69.
Kh2 Ne2 70. Rdd1 g3+ 71. Kh1 Nxc1 72. Rxc1 Re8 73. c7 Rc8 74. Kg1 Kf6 75. Kf1
Ke6 76. Ke2 Kd6 77. Rc4 Rxc7 78. Rxh4 Ke5 79. Ra4 Rc2+ 80. Kf3 Rc3+ 81. Ke2 Rc5
82. Kf3 Rc3+ 83. Ke2 Kf6 84. h4 Kg6 85. Rf4 Ra3 86. Rf3 Rxf3 87. Kxf3 Kh5
1/2-1/2

[Event "World Women-ch k.o."]
[Site "Antakya"]
[Date "2010.12.09"]
[Round "2.3"]
[White "Khukhashvili, Sopiko"]
[Black "Kosteniuk, Alexandra"]
[Result "0-1"]
[WhiteElo "2430"]
[BlackElo "2507"]
[PlyCount "72"]
[EventDate "2010.12.04"]
[EventType "k.o."]
[EventRounds "6"]
[EventCountry "TUR"]
[SourceTitle "CBM 139 Extra"]
[Source "ChessBase"]
[SourceDate "2011.01.05"]
[SourceVersion "1"]
[SourceVersionDate "2011.01.05"]
[SourceQuality "1"]

1. e4 e5 2. Nf3 Nc6 3. d4 exd4 4. Nxd4 Nf6 5. Nxc6 bxc6 6. e5 Qe7 7. Qe2 Nd5 8.
c4 Nb6 9. Nc3 Qe6 10. Qe4 Bb7 11. Bd3 Bb4 12. Bd2 O-O-O 13. O-O c5 14. Qf4 g5
15. Qg3 Rhg8 16. Rac1 h5 17. a3 Bxc3 18. Rxc3 h4 19. Qe3 Rde8 20. Re1 Qc6 21.
f3 d5 22. cxd5 Nxd5 23. Be4 Rxe5 24. Bxd5 Rxd5 25. Rec1 Re8 26. Qf2 Ree5 27. h3
Qd6 28. Be3 f6 29. Bxc5 Rd1+ 30. Rxd1 Qxd1+ 31. Kh2 Re1 32. Qxe1 Qxe1 33. Bd4
Qd2 34. Bxa7 Qxb2 35. Re3 f5 36. Bc5 g4 0-1

[Event "World Women-ch k.o."]
[Site "Antakya"]
[Date "2010.12.10"]
[Round "3.1"]
[White "Kosteniuk, Alexandra"]
[Black "Ruan, Lufei"]
[Result "1/2-1/2"]
[WhiteElo "2507"]
[BlackElo "2480"]
[PlyCount "52"]
[EventDate "2010.12.04"]
[EventType "k.o."]
[EventRounds "6"]
[EventCountry "TUR"]
[SourceTitle "CBM 139 Extra"]
[Source "ChessBase"]
[SourceDate "2011.01.05"]
[SourceVersion "1"]
[SourceVersionDate "2011.01.05"]
[SourceQuality "1"]

1. e4 e5 2. Nf3 Nc6 3. Bb5 Nf6 4. d3 Bc5 5. c3 O-O 6. Bxc6 bxc6 7. Nxe5 d5 8.
d4 Bb6 9. O-O Nxe4 10. Nxc6 Qd6 11. Nb4 Re8 12. Na3 a5 13. Nd3 Ba6 14. f3 Nf6
15. Nc2 c6 16. Rf2 Nh5 17. Be3 Bc7 18. g3 Qg6 19. Ne5 Qe6 20. Qd2 Bxe5 21. dxe5
Qxe5 22. Bc5 Nf6 23. Nd4 Rac8 24. Nb3 Nd7 25. Ba3 a4 26. Nc5 Nxc5 1/2-1/2

[Event "World Women-ch k.o."]
[Site "Antakya"]
[Date "2010.12.11"]
[Round "3.2"]
[White "Ruan, Lufei"]
[Black "Kosteniuk, Alexandra"]
[Result "1/2-1/2"]
[WhiteElo "2480"]
[BlackElo "2507"]
[PlyCount "145"]
[EventDate "2010.12.04"]
[EventType "k.o."]
[EventRounds "6"]
[EventCountry "TUR"]
[SourceTitle "CBM 139 Extra"]
[Source "ChessBase"]
[SourceDate "2011.01.05"]
[SourceVersion "1"]
[SourceVersionDate "2011.01.05"]
[SourceQuality "1"]

1. e4 e5 2. Nf3 Nc6 3. Bc4 Bc5 4. c3 Nf6 5. d3 O-O 6. b4 Be7 7. O-O d5 8. exd5
Nxd5 9. b5 Na5 10. Nxe5 Nxc4 11. dxc4 Nb6 12. Ba3 Bxa3 13. Qxd8 Rxd8 14. Nxa3
Na4 15. Rac1 f6 16. Nf3 Bg4 17. Nd4 Nxc3 18. Rxc3 Rxd4 19. Nc2 Rd2 20. Nb4 Rad8
21. h3 Be2 22. Rfc1 Rd1+ 23. Rxd1 Rxd1+ 24. Kh2 Rd4 25. Nd5 Rxc4 26. Re3 Bh5
27. Ra3 Rc5 28. Nf4 Bf7 29. Rxa7 g5 30. Ne2 Rxb5 31. Nd4 Rd5 32. Ne2 Rd2 33.
Nc3 Rb2 34. a4 c5 35. Ne4 c4 36. Nxf6+ Kg7 37. Ne4 Bd5 38. Nc3 Bc6 39. Ra5 Kf6
40. Rc5 Kg6 41. Kg1 Rb4 42. a5 Bd7 43. Kf1 h6 44. Ke2 Be6 45. Ke3 Rb2 46. Rb5
Rxb5 47. Nxb5 Bd5 48. f3 Bc6 49. Nd6 c3 50. Kd3 h5 51. Kxc3 g4 52. hxg4 hxg4
53. Ne4 Kf5 54. Kd4 gxf3 55. gxf3 Kf4 56. Nd2 Bb5 57. Kc5 Ba6 58. Kb6 Ke3 59.
Ne4 Kxf3 60. Nc5 Bf1 61. Nxb7 Ke4 62. Nd6+ Kd5 63. Nb5 Ke6 64. a6 Kd7 65. a7
Bg2 66. Na3 Be4 67. Nc4 Ba8 68. Ne5+ Kd6 69. Nd3 Kd7 70. Nc5+ Kd6 71. Nb7+ Kd7
72. Na5 Kd6 73. Nc4+ 1/2-1/2